Statistics for Census County Divisions of Delaware With a Map

Click here to take the quiz!

General Stats

  • This quiz has been taken 161 times
    (132 since last reset)
  • The average score is 12 of 27

Answers on the Map

Answers color-coded by a green-red scale on the quiz's map according to % correct below.
 

Answer Stats

CountyCCD% Correct
New CastleWilmington
97%
KentDover
94%
New CastleNewark
73%
New CastleNew Castle
72%
SussexLewes
52%
SussexSeaford
49%
New CastleMiddletown-Odessa
48%
KentSmyrna
48%
SussexGeorgetown
45%
SussexLaurel-Delmar
39%
SussexMilton
38%
New CastleBrandywine
37%
KentHarrington
37%
KentKenton
37%
New CastleGlasgow
35%
SussexMillsboro
35%
SussexSelbyville-Frankford
34%
KentFelton
32%
New CastlePike Creek-Central Kirkwood
32%
New CastleRed Lion
31%
SussexBridgeville-Greenwood
30%
New CastleLower Christiana
30%
SussexMilford South
30%
New CastleUpper Christiana
30%
KentCentral Kent
28%
KentMilford North
28%
New CastlePiedmont
24%

Score Distribution

Percentile by Number Answered

Percent of People with Each Score

Your Score History

You have not taken this quiz since the last reset